Detalles MARC
| 000 -LEADER |
| fixed length control field |
01635nam a2200397 a 4500 |
| 005 - FECHA ULTIMA MODIFICACION |
| control field |
20240516131729.0 |
| 008 - CAMPO DE CONTROL (LIBRO) |
| fixed length control field |
100311s2005||||sp d f |||| 001 0 spa d |
| 020 ## - INTERNATIONAL STANDARD BOOK NUMBER |
| ISBN |
9871113226 |
| 041 ## - CODIGO DE IDIOMA |
| Código de idioma del texto/pista de sonido o título separado |
spa |
| 092 ## - SIGNATURA TOPOGRAFICA DEWEY LOCAL |
| número de clasificación |
616.89 |
| libristica |
51 |
| sección |
MAR |
| 100 1# - ENTRADA PRINCIPAL--NOMBRE PERSONAL |
| Nombre personal |
Marchant, Néstor |
| Función |
Coord. |
| 9 (RLIN) |
1992 |
| 245 ## - TITULO PROPIAMENTE DICHO |
| Título |
Tratado de Psiquiatría. |
| Número de la parte/sección de la obra |
T.2 / |
| Mención de responsabilidad y remanente de la transcripción de la portada |
Néstor Marchant |
| 250 ## - MENCION DE EDICION |
| Mención de edición |
1a ed. |
| 260 ## - PIE DE IMPRENTA |
| Lugar de publicación, distribución, etc |
Buenos Aires: |
| Nombre de la editorial, distribuidor, etc |
Grupo Guía; |
| Fecha de publicación |
2005. |
| 300 ## - DESCRIPCION FISICA |
| Extension |
1013-2095 p. |
| 500 ## - NOTA GENERAL |
| Nota general |
Marchant, N. y Monchalon Espinoza, A. (Coords.). (2005). Tratado de Psiquiatría. T.2 (1a ed.). Buenos Aires : Grupo Guía ; AAP. |
| 653 ## - TÉRMINO INDIZADO - PALABRAS CLAVES |
| Palabra clave |
Neuropsiquiatría |
| 653 ## - TÉRMINO INDIZADO - PALABRAS CLAVES |
| Palabra clave |
Gerontopsiquitría |
| 653 ## - TÉRMINO INDIZADO - PALABRAS CLAVES |
| Palabra clave |
Urgencias en psiquiatría |
| 653 ## - TÉRMINO INDIZADO - PALABRAS CLAVES |
| Palabra clave |
Psiquiatría en Medicina General |
| 653 ## - TÉRMINO INDIZADO - PALABRAS CLAVES |
| Palabra clave |
Métodos de diagnóstico en psiquiatría |
| 653 ## - TÉRMINO INDIZADO - PALABRAS CLAVES |
| Palabra clave |
Terapéutica |
| 653 ## - TÉRMINO INDIZADO - PALABRAS CLAVES |
| Palabra clave |
Psicoterapias |
| 653 ## - TÉRMINO INDIZADO - PALABRAS CLAVES |
| Palabra clave |
Rehabilitación |
| 653 ## - TÉRMINO INDIZADO - PALABRAS CLAVES |
| Palabra clave |
Psiquiatría basada en la evidencia |
| 653 ## - TÉRMINO INDIZADO - PALABRAS CLAVES |
| Palabra clave |
Etica y psiquiatría Médico-Legal |
| 653 ## - TÉRMINO INDIZADO - PALABRAS CLAVES |
| Palabra clave |
Organización y gestión en psiquiatría |
| 653 ## - TÉRMINO INDIZADO - PALABRAS CLAVES |
| Palabra clave |
Capacitación en psiquiatría |
| 653 ## - TÉRMINO INDIZADO - PALABRAS CLAVES |
| Palabra clave |
Anexo 1: La enfermedad psíquica de Vincent Van Gogh. |
| 653 ## - TÉRMINO INDIZADO - PALABRAS CLAVES |
| Palabra clave |
Anexo 2: Hcia una clasificación de las enfermedades mentales (criterio clínico y pericial) |
| 653 ## - TÉRMINO INDIZADO - PALABRAS CLAVES |
| Palabra clave |
Anexo 3: Corteza orbitaria anterior y comportamiento antisocial |
| 653 ## - TÉRMINO INDIZADO - PALABRAS CLAVES |
| Palabra clave |
Anexo 4: Corteza orbitotemporal (corteza basal) y comportamiento antisocial |
| 653 ## - TÉRMINO INDIZADO - PALABRAS CLAVES |
| Palabra clave |
Anexo 5: Los medios masivos y su relación con la cultura posmoderna o el modernismo decaido |
| 700 1# - ENTRADAS SECUNDARIAS - NOMBRE PERSONAL |
| Nombre personal |
Monchalon Espinoza, Alberto |
| Función |
Coord. |
| 9 (RLIN) |
1993 |
| 942 ## - ADDED ENTRY ELEMENTS (KOHA) |
| Source of classification or shelving scheme |
Dewey Decimal Classification |
| Item type |
Libros |